[Event "Ancona Ascoli Province-ch"]
[Site "Porto Sant Elpidio"]
[Date "2016.01.30"]
[Round "2"]
[White "Serpilli, Francesco"]
[Black "Marvulli, Michele"]
[Result "1-0"]
[WhiteElo "1586"]
[BlackElo "1407"]
[PlyCount "140"]
[EventDate "2016.01.29"]
[EventType "swiss"]
[EventRounds "5"]
[EventCountry "ITA"]
[SourceTitle "EXT 2018"]
[Source "ChessBase"]
[SourceDate "2017.10.13"]
[SourceVersion "1"]
[SourceVersionDate "2017.10.13"]
[SourceQuality "1"]

1. d4 c5 2. d5 e5 3. c4 d6 4. Nc3 Be7 5. e4 Nf6 6. Be2 Nbd7 7. Nf3 0-0 8. 0-0 Ne8 9. Bd3 g6 10. Bh6 Ng7 11. Qc2 Nf6 12. h3 Nfh5 13. Qd2 f5 14. Bg5 f4 15. Bxe7 Qxe7 16. Be2 g5 17. Nh2 Nf6 18. a3 b6 19. Qd1 h5 20. Rc1 a6 21. f3 Rb8 22. Rf2 Qb7 23. Bd3 Bd7 24. Rfc2 Kh7 25. Qd2 Rg8 26. b4 cxb4 27. axb4 Qa7 28. Kh1 Rbc8 29. Ra2 Ra8 30. c5 bxc5 31. Rxa6 Qb7 32. bxc5 dxc5 33. Rxf6 Qb4 34. Qc2 c4 35. Be2 Ra3 36. Rf7 Be8 37. Rc7 Bb5 38. Nxb5 Qxb5 39. Qxc4 Qxc4 40. R7xc4 Rga8 41. Nf1 h4 42. Kg1 Ra2 43. R4c2 Rxc2 44. Rxc2 Ra1 45. Kf2 Kg6 46. Nd2 Nh5 47. Nb3 Rb1 48. Nc5 Kf7 49. Nd7 Rb3 50. Nxe5+ Kf6 51. Ng4+ Ke7 52. e5 Ng3 53. Ke1 Rb1+ 54. Kd2 Rg1 55. d6+ Kd8 56. Kd3 Rxg2 57. e6 Nf5 58. e7+ Nxe7 59. dxe7+ Kxe7 60. Rc7+ Ke6 61. Rc4 Rg3 62. Re4+ Kf7 63. Re5 Kg6 64. Nf2 Rg2 65. Ne4 Kh5 66. Nxg5 Rxg5 67. Rxg5+ Kxg5 68. Ke4 Kg6 69. Kxf4 Kh5 70. Kf5 Kh6 1-0

[Event "Porto Sant Elpidio op 18th"]
[Site "Porto Sant Elpidio"]
[Date "2015.11.22"]
[Round "3"]
[White "Piergentili, Roberto"]
[Black "Marvulli, Michele"]
[Result "1-0"]
[WhiteElo "1776"]
[BlackElo "1404"]
[PlyCount "82"]
[EventDate "2015.11.21"]
[EventType "swiss"]
[EventRounds "6"]
[EventCountry "ITA"]
[SourceTitle "EXT 2018"]
[Source "ChessBase"]
[SourceDate "2017.10.13"]
[SourceVersion "1"]
[SourceVersionDate "2017.10.13"]
[SourceQuality "1"]

1. d4 c5 2. d5 e5 3. e4 d6 4. c4 Be7 5. Nc3 Nf6 6. Nf3 0-0 7. a3 Nbd7 8. h3 Rb8 9. b4 Ne8 10. Bd3 b6 11. Nb5 a6 12. Na7 Bb7 13. Nc6 Bxc6 14. dxc6 Ndf6 15. b5 axb5 16. cxb5 Nc7 17. Qe2 Ra8 18. Bb2 Ra4 19. 0-0 Ne6 20. Rfe1 Qc7 21. Bc2 Ra5 22. Bc3 Ra7 23. Reb1 Rfa8 24. a4 Nd4 25. Qd1 Nxc2 26. Qxc2 Ne8 27. a5 g6 28. Qb3 Ng7 29. Nd2 Ne6 30. Nc4 Nd4 31. Bxd4 Rxa5 32. Nxa5 cxd4 33. Nc4 Rc8 34. Ra6 Rb8 35. Rba1 d5 36. exd5 Bc5 37. Ra7 Qc8 38. Nxe5 Qf5 39. Nxf7 Qf4 40. d6 Kf8 41. Nh6 Bxd6 1-0

[Event "Porto Sant Elpidio op-B 16th"]
[Site "Porto Sant Elpidio"]
[Date "2013.11.24"]
[Round "5"]
[White "Skrijely, Edin"]
[Black "Marvulli, Michele"]
[Result "1-0"]
[WhiteElo "1713"]
[BlackElo "1445"]
[PlyCount "59"]
[EventDate "2013.11.16"]
[EventType "swiss"]
[EventRounds "6"]
[EventCountry "ITA"]
[SourceTitle "EXT 2015"]
[Source "ChessBase"]
[SourceDate "2014.11.20"]
[SourceVersion "1"]
[SourceVersionDate "2014.11.20"]
[SourceQuality "1"]

1. d4 c5 2. d5 e5 3. e4 d6 4. Nc3 Nf6 5. Bg5 Be7 6. Qd2 Nbd7 7. Bd3 a6 8. a4 b6 9. Nge2 Qc7 10. Ng3 c4 11. Be2 Nc5 12. Bxf6 Bxf6 13. 0-0 Nb7 14. f4 exf4 15. Qxf4 0-0 16. Nh5 Qc5+ 17. Kh1 Be5 18. Qh4 f5 19. Rf3 Nd8 20. Raf1 f4 21. Nxf4 Bf6 22. Nh5 Ra7 23. Nxf6+ gxf6 24. Rxf6 Raf7 25. Qg5+ Kh8 26. Rxf7 Nxf7 27. Qe7 Kg8 28. Bh5 Qe3 29. Bxf7+ Kg7 30. Qf6# 1-0